Statistics for The Seven Continents Empty Map Quiz

Click here to take the quiz!

General Stats

  • This quiz has been taken 771 times
  • The average score is 4 of 7

Answer Stats

Answer % Correct
Antarctica
64%
Asia
64%
Europe
57%
Africa
56%
South America
53%
North America
51%
Australia (Oceania)
44%

Score Distribution

Percentile by Number Answered

Percent of People with Each Score

Your Score History

You have not taken this quiz